000 00819nmm a2200253 a 4500
001 ocm000663728
003 TR-IsHL
005 20201028141223.0
008 131219s2000 tu tur
007 cr cn
020 _a9789759706203
035 _a663728
_b(N$T)
050 0 4 _aHC492
_b.T87 2000
090 0 4 _aHC492
_b.T87 2000
245 1 0 _aTürkiye ekonomisi 2000
_h[electronic resource]
260 _aİstanbul :
_bMÜSİAD,
_c2000
300 _a71 p.
650 4 _aEkonomi ve Finans
650 4 _aEconomics and Finance
650 0 _aEkonomi
_x Türkiye
_x Tarih
_x 20 yy
650 0 _aEconomics
_x Turkey
_x History
_x 20th century
650 7 _aBUSINESS & ECONOMICS / Economic History
_2bisacsh
856 4 0 _uhttp://search.ebscohost.com/login.aspx?direct=true&scope=site&db=e011xww&AN=663728
999 _c7702
_d7702